Kapitoly z metodiky učebního předmětu chemie : pro dálkové studium chemie na pedagog. fakultách /

Hlavní autor: Vurm, Vladimír, 1904-
Korporativní autor: Univerzita Karlova. Ústav učitelského vzdělávání
Jazyk: Čeština
Vydáno: Praha : SPN, 1965
Vydání: 1. vyd.
Edice: Učební texty vysokých škol
Témata:
Fyzický popis: 191 s. ; 4°
Knihy
Uloženo v:
LEADER 01423nam a22003492a 4500
001 000744738
003 CZ BrMZK
005 20041020083802.0
007 ta
008 041020s1965 xr er|||||||||||cze d
015 |a cnb000483740 
035 |a (OCoLC)42113561 
040 |a ABA001  |b cze  |c CBA001  |d ABA001  |d BOA001 
080 |a 37-3:54(075.8)  |2 undef 
100 1 |a Vurm, Vladimír,  |d 1904-  |7 jk01151103  |4 aut 
245 1 0 |a Kapitoly z metodiky učebního předmětu chemie :  |b pro dálkové studium chemie na pedagog. fakultách /  |c Vladimír Vurm 
250 |a 1. vyd. 
260 |a Praha :  |b SPN,  |c 1965  |f (KNT 6) 
300 |a 191 s. ;  |c 4° 
490 1 |a Učební texty vysokých škol 
500 |a Vyd. Ústav pro učit. vzdělání na Karlově univ. v Praze 
500 |a Přehl. lit. 
500 |a S tb. v textu 
500 |a 2000 výt. 
710 2 |a Univerzita Karlova.  |b Ústav učitelského vzdělávání  |7 ko2004226835 
830 0 |a Učební texty vysokých škol 
910 |a BOA001  |b PK-N-0008.239 
964 |a Chemie - metodika - texty vysokoškolské - fakulty pedagogické 
990 |a BK 
996 6 |b BC-166925  |c PK-N-0008.239  |l MZK  |r Sklad / do 1 hodiny  |n 0  |w 000744738  |u 000010  |a 1  |e BOA001  |j MZK50  |s P 
996 6 |b BC-166927  |c PK-N-0008.239  |l MZK  |r Sklad / do 1 hodiny  |n 0  |w 000744738  |u 000020  |a 1  |e BOA001  |j MZK50  |s P 
996 6 |b BC-166928  |c PK-N-0008.239  |l MZK  |r Sklad / do 1 hodiny  |n 0  |w 000744738  |u 000030  |a 1  |e BOA001  |j MZK50  |s P